Macro Economics (Record no. 2740)

000 -LEADER
fixed length control field 00548nam a22002057a 4500
003 - CONTROL NUMBER IDENTIFIER
control field OSt
005 - DATE AND TIME OF LATEST TRANSACTION
control field 20160812111519.0
008 - FIXED-LENGTH DATA ELEMENTS--GENERAL INFORMATION
fixed length control field 160802b xxu||||| |||| 00| 0 eng d
020 ## - INTERNATIONAL STANDARD BOOK NUMBER
International Standard Book Number 9780071016223
050 ## - LIBRARY OF CONGRESS CALL NUMBER
Classification number HB172.5. J33 2004
100 ## - MAIN ENTRY--PERSONAL NAME
Personal name Jackson, John
245 ## - TITLE STATEMENT
Title Macro Economics
Statement of responsibility, etc John Jackson , Ron Mclver & Ed Wilson
250 ## - EDITION STATEMENT
Edition statement 9th ed.
260 ## - PUBLICATION, DISTRIBUTION, ETC. (IMPRINT)
Place of publication, distribution, etc Sydney
Name of publisher, distributor, etc The McGraw Hill Compnies
Date of publication, distribution, etc c2011
300 ## - PHYSICAL DESCRIPTION
Extent xxvii, 653p.
Other physical details ill.
Dimensions 24cm
504 ## - BIBLIOGRAPHY, ETC. NOTE
Bibliography, etc Includes index
600 ## - SUBJECT ADDED ENTRY--PERSONAL NAME
Personal name Mclver, Ron
600 ## - SUBJECT ADDED ENTRY--PERSONAL NAME
Personal name Wilson, ED.
942 ## - ADDED ENTRY ELEMENTS (KOHA)
Source of classification or shelving scheme
Koha item type Book

No items available.


Riara University Library,
P.O. Box 49940-00100,
Nairobi, Kenya.